Who Released this Album? - Statistics

General Stats
  • This quiz has been taken 33 times
  • The average score is 10 of 20
Answer Stats
Album Artist % Correct
Magical Mystery Tour The Beatles
86%
In Utero Nirvana
79%
Physical Graffiti Led Zeppelin
75%
Are You Experienced? Jimi Hendrix
68%
Who's Next The Who
68%
For Those About to Rock AC/DC
64%
Beggars Banquet The Rolling Stones
61%
Ride the Lightning Metallica
57%
The River Bruce Springsteen
54%
Blue Hawaii Elvis Presley
54%
Slowhand Eric Clapton
50%
Animals Pink Floyd
46%
1984 Van Halen
43%
Use Your Illusion I Guns N' Roses
39%
Sheer Heart Attack Queen
36%
Keep the Faith Bon Jovi
32%
Master of Reality Black Sabbath
25%
Powerslave Iron Maiden
25%
Get a Grip Aerosmith
21%
Stranger in Town Bob Seger
11%
No matching quizzes found
Score Distribution
Percent of People with Each Score
Percentile by Number Answered
Your Score History
You have not taken this quiz